[Event "Torre Blanca Copa de Campeones"]
[Site "Buenos Aires"]
[Date "2001.11.19"]
[Round "5"]
[White "Azambulla, Fabian"]
[Black "Lopez, Sergio"]
[Result "0-1"]
[WhiteElo "1763"]
[BlackElo "2016"]
[PlyCount "76"]
[EventDate "2001.11.05"]
[EventType "swiss"]
[EventRounds "7"]
[EventCountry "ARG"]
[SourceTitle "EXT 2003"]
[Source "ChessBase"]
[SourceDate "2002.11.25"]
[SourceVersion "1"]
[SourceVersionDate "2002.11.25"]
[SourceQuality "1"]

1. d4 d5 2. c4 e6 3. g3 Nf6 4. Bg2 Be7 5. Nf3 0-0 6. Nc3 c6 7. 0-0 b6 8. Ne5 Bb7 9. cxd5 cxd5 10. Bf4 Nbd7 11. Nc4 Ne8 12. Nb5 Ndf6 13. a4 a6 14. Nc3 Rc8 15. Nd2 Nd6 16. f3 Nf5 17. e3 Nh5 18. Ne2 Nxf4 19. Nxf4 Nxe3 20. Qe2 Nxf1 21. Bxf1 Qd6 22. Nd3 Bf6 23. Nb3 a5 24. f4 Ba6 25. Qd1 Rc7 26. Ne5 Bxf1 27. Qxf1 Rfc8 28. Ng4 Be7 29. Ne5 Qb4 30. Qd1 Rc2 31. Qd3 Rxb2 32. Qa6 Rbc2 33. Rb1 Qc3 34. Nd3 Bf6 35. Nbc5 Bxd4+ 36. Kh1 Rxc5 37. Qxb6 Rc8 38. Qb5 Qd2 0-1

[Event "Torre Blanca Copa de Campeones"]
[Site "Buenos Aires"]
[Date "2001.11.05"]
[Round "1"]
[White "Azambulla, Fabian"]
[Black "Vajnik, Eduard"]
[Result "1-0"]
[WhiteElo "1763"]
[BlackElo "2100"]
[PlyCount "89"]
[EventDate "2001.11.05"]
[EventType "swiss"]
[EventRounds "7"]
[EventCountry "ARG"]
[SourceTitle "EXT 2003"]
[Source "ChessBase"]
[SourceDate "2002.11.25"]
[SourceVersion "1"]
[SourceVersionDate "2002.11.25"]
[SourceQuality "1"]

1. d4 d5 2. c4 c6 3. Nf3 Nf6 4. Nc3 e6 5. e3 Ne4 6. Qc2 f5 7. g3 Be7 8. Bg2 Nd7 9. 0-0 0-0 10. b3 Bf6 11. Bb2 b6 12. Rfd1 Bb7 13. Nd2 Rc8 14. f3 Nd6 15. Ba3 Be7 16. e4 f4 17. Bxd6 Bxd6 18. e5 Bb8 19. Bh3 Qe7 20. cxd5 cxd5 21. Qd3 fxg3 22. hxg3 Rfe8 23. f4 Ba6 24. Qe3 Qb4 25. Nxd5 Qa5 26. Qf3 Rc2 27. b4 Qa4 28. a3 Nf8 29. Nc3 Qd7 30. d5 Qc7 31. Nde4 exd5 32. Nxd5 Qc4 33. Bf1 Qc8 34. Qb3 Rc4 35. Rac1 b5 36. Nc5 Kh8 37. Bxc4 bxc4 38. Qc3 Ne6 39. Nxa6 Qxa6 40. Qxc4 Qxa3 41. Rc3 Qa4 42. Rd2 Qa1+ 43. Rc1 Qa4 44. Kg2 h6 45. Ra2 1-0